|
|
|
|
| LEADER |
01330nam a2200313 u 4500 |
| 001 |
10026345 |
| 003 |
upatras |
| 005 |
20210117205938.0 |
| 008 |
970227s1971 ne eng |
| 020 |
|
|
|a 0720402395
|q (Δερματόδετο)
|
| 040 |
|
|
|a GR-PaULI
|c GR-PaULI
|
| 041 |
0 |
|
|a eng
|
| 050 |
|
4 |
|a 75-157034
|
| 100 |
1 |
|
|a Eadie, W. T.
|9 152239
|
| 245 |
1 |
0 |
|a Statistical methods in experimental physics
|c by W. T. Eadie, D. Dryard, F. E. James, M. Roos, B. Sadoulet
|
| 260 |
|
|
|a Amsterdam
|b North-Holland Publishing Company
|c 1971
|
| 300 |
|
|
|a xii, 296 p.
|b fig., tab.
|c 26,5 cm
|
| 505 |
1 |
|
|a Includes bibliography . - index
|
| 650 |
|
4 |
|a Στατιστική
|9 85
|
| 700 |
1 |
|
|a Dryard, D.
|9 152240
|
| 700 |
1 |
|
|a James, F. E.
|9 152241
|
| 700 |
1 |
|
|a Roos, M.
|9 152242
|
| 700 |
1 |
|
|a Sadoulet, B.
|9 152243
|
| 852 |
|
|
|a GR-PaULI
|b ΠΑΤΡΑ
|b ΦΥΣΙΚΟ
|k ΑΕΧ-1
|h 519.5 EAD
|m 00605
|p 025000019148
|t 1
|
| 852 |
|
|
|a GR-PaULI
|b ΠΑΤΡΑ
|b ΦΥΣΙΚΟ
|k ΑΕΧ-1
|h 519.5 EAD
|m 03395
|t 2
|
| 942 |
|
|
|2 ddc
|c BK15
|
| 952 |
|
|
|0 0
|1 0
|4 0
|6 519_500000000000000_EAD
|7 0
|9 196495
|a PHYS
|b PHYS
|d 2016-04-24
|i 00605
|l 0
|o 519.5 EAD
|p 025000019148
|r 2016-04-24 00:00:00
|t 1
|w 2016-04-24
|y BK15
|
| 952 |
|
|
|0 0
|1 0
|4 0
|6 519_500000000000000_EAD
|7 0
|9 196496
|a PHYS
|b PHYS
|d 2016-04-24
|i 03395
|l 0
|o 519.5 EAD
|r 2016-04-24 00:00:00
|t 2
|w 2016-04-24
|y BK15
|
| 999 |
|
|
|c 120554
|d 120554
|